000 00267nam a22001217a 4500
003 SGT
082 _a370
_bJHA
100 _aJHA, SANJAY RODRICK
245 _aDEVELOPMENT OF MODERN EDUCATION
260 _aDELHI
_bSR PUB.
_c105
300 _a207
942 _2ddc
_cBK
_02
999 _c17596
_d17596